The Ages of Globalization :Geography, Technology, and Institution (Record no. 41941)

MARC details
000 -LEADER
fixed length control field 00356nam a2200121Ia 4500
008 - FIXED-LENGTH DATA ELEMENTS--GENERAL INFORMATION
fixed length control field 241015s9999 xx 000 0 und d
041 ## - LANGUAGE CODE
Language code of text/sound track or separate title eng
082 ## - DEWEY DECIMAL CLASSIFICATION NUMBER
Classification number 909 SAC
100 ## - MAIN ENTRY--PERSONAL NAME
Personal name Jeffrey D. Sachs
245 ## - TITLE STATEMENT
Title The Ages of Globalization :Geography, Technology, and Institution
260 ## - PUBLICATION, DISTRIBUTION, ETC.
Name of publisher, distributor, etc. Columbia University Press
Place of publication, distribution, etc. New York
Date of publication, distribution, etc. 2020
300 ## - PHYSICAL DESCRIPTION
Extent 260;. P. 23 cm

No items available.

Designed & Maintained by: LRC IMT Nagpur Contact: lrc@imtnag.ac.in© 2024. All Rights Reserved.